Normal view MARC view

Entry Personal Name

Number of records used in: 1

001 - CONTROL NUMBER

  • control field: 2808

003 - CONTROL NUMBER IDENTIFIER

  • control field: OSt

005 - DATE AND TIME OF LATEST TRANSACTION

  • control field: 20190301121710.0

008 - FIXED-LENGTH DATA ELEMENTS

  • fixed length control field: 190301|| aca||aabn | a|a d

040 ## - CATALOGING SOURCE

  • Original cataloging agency: OSt
  • Transcribing agency: OSt

100 ## - HEADING--PERSONAL NAME

  • Personal name: Jayaswal, Kashi Prasad,
  • Dates associated with a name: 1881-1937.

670 ## - SOURCE DATA FOUND

  • Source citation: Work cat.: (OSt)0: Lal, Ratan (Associate professor of history), author. 2807, Kashi Prasad Jayaswal :

Powered by Koha